000 01437nam0a22003491 4500
001 rc\2174815
005 20110826153553.9
035 _a(NLR Aleph) 006524539
090 _a6466748
_c6466748
100 _a20110826d1979 |||y0rusy50 ca
101 0 _arus
102 _aRU
105 _aa j |||||
200 1 _aРусская литература
_eУчебник-хрестоматия для 5-го кл.
_fСост. Т.С. Зепалова, Н.В. Колокольцев, Н.Я. Мещерякова
205 _a9-е изд.
210 _aКиев
_cРад. школа
_d1979
215 _a336 с., 4 л. ил.
_cил.
_d22
300 _aНа пер. сост. не указаны
300 _aВ вып. дан. 3-й авт.: Наталья Яковлевна Мещерякова
606 _aРусская литература
_jУчебники и пособия
_2psbo
606 _aРусская литература
_jХрестоматии
_2psbo
686 _aШ5(2=Р)я721-1
_2rubbk
686 _a84Ря72
_2rubbk
700 1 _aЗепалова
_bТ. С.
_gТатьяна Сергеевна
701 1 _aМещерякова
_bН. Я.
_gНаталия Яковлевна
701 1 _aКолокольцев
_bН. В.
_gНиколай Владимирович
801 0 _aRU
_bNLR
_gpsbo
801 1 _aRU
_bELAR
_2rusmarc
852 _aNLR
_j79-5/2736
899 _aRuMoRGB
_jM 79-3/182
942 _cBOOK
980 _aNB